Laboratory manual in general biochemistry/ (Record no. 364567)
[ view plain ]
| 000 -LEADER | |
|---|---|
| fixed length control field | 00451nam a2200133Ia 4500 |
| 008 - FIXED-LENGTH DATA ELEMENTS--GENERAL INFORMATION | |
| fixed length control field | 201002s9999 xx 000 0 und d |
| 020 ## - INTERNATIONAL STANDARD BOOK NUMBER | |
| International Standard Book Number | 978-971-980-444-4 |
| 100 ## - MAIN ENTRY--PERSONAL NAME | |
| Personal name | Bathan, Gladys I. |
| 245 ## - TITLE STATEMENT | |
| Statement of responsibility, etc | Gladys I. Bathan, Angelica Crisostomo, Minerva Daya |
| Title | Laboratory manual in general biochemistry/ |
| 250 ## - EDITION STATEMENT | |
| Edition statement | 2nd ed. |
| 260 ## - PUBLICATION, DISTRIBUTION, ETC. (IMPRINT) | |
| Place of publication, distribution, etc | Manila: |
| Name of publisher, distributor, etc | C&E Publishing |
| Date of publication, distribution, etc | 2017 |
| 300 ## - PHYSICAL DESCRIPTION | |
| Extent | xxii, 145 pages |
| Dimensions | 25 cm. |
| 650 ## - SUBJECT ADDED ENTRY--TOPICAL TERM | |
| Topical term or geographic name as entry element | Biochemistry -- Laboratory manuals |
| Withdrawn status | Lost status | Damaged status | Home library | Current library | Shelving location | Date acquired | Source of acquisition | Total Checkouts | Full call number | Barcode | Date last seen | Price effective from | Koha item type |
|---|---|---|---|---|---|---|---|---|---|---|---|---|---|
| Luxembourg Library | Luxembourg Library | Filipiniana Section | 10/02/2020 | Library Fund | QP 519 .L33 2017 | 20938 | 10/02/2020 | 10/02/2020 | Books |